Estado y clases sociales en las relaciones: Estados Unidos-Latinoamérica /

Gorde:
Xehetasun bibliografikoak
Egile nagusia: Fagen, Richard R.
Erakunde egilea: Centro de Investigación y Docencia Económicas
Formatua: Liburua
Hizkuntza:Spanish
Argitaratua: D.F, México: Centro de Investigación y Docencia Económicas 1984
Etiketak: Etiketa erantsi
Etiketarik gabe, Izan zaitez lehena erregistro honi etiketa jartzen!

MARC

LEADER 00000nam a22000007a 4500
003 cru CIDCACS/IIS
005 20240708152353.0
008 240704b1984 mx ||||| |||| 00| 0 spa d
020 |a 968-16-164-2 
040 |a cru CIDCACS/IIS  |b spa  |c cru CIDCACS/IIS 
090 |a 01.02.01 F153e 
100 1 |a Fagen, Richard R.  |9 12244 
245 1 |a Estado y clases sociales en las relaciones:  |b Estados Unidos-Latinoamérica /  |c Centro de Investigación y Docencia Económicas  |h [impreso] 
260 |a D.F, México:  |b Centro de Investigación y Docencia Económicas  |c 1984 
650 0 7 |0 TESAUROS  |2 TESAUROS 
710 1 |a Centro de Investigación y Docencia Económicas  |9 12226 
942 |2 z  |c LI  |h <script>document.querySelector('[id^="tag_090_subfield_a"]').value</script>  |i 07901  |k 01.02.01   |m F153e  |6 SCRIPTDOCUMENTQUERYSELECTORIDTAG_090_SUBFIELD_AVALUESCRIPT_07901 
999 |c 45876  |d 45876